<?xml version="1.0" encoding="UTF-8"?>
<record
    xmlns:xsi="http://www.w3.org/2001/XMLSchema-instance"
    xsi:schemaLocation="http://www.loc.gov/MARC21/slim http://www.loc.gov/standards/marcxml/schema/MARC21slim.xsd"
    xmlns="http://www.loc.gov/MARC21/slim">

  <leader>00660nac a22002171ca4500</leader>
  <controlfield tag="001">a987667918</controlfield>
  <controlfield tag="003">RU-10907106</controlfield>
  <controlfield tag="005">20220412125922.0</controlfield>
  <controlfield tag="008">170707s2013    gw ||||        000u ger d</controlfield>
  <datafield tag="020" ind1=" " ind2=" ">
    <subfield code="a">9783835309951</subfield>
    <subfield code="9">978-3-8353-0995-1</subfield>
  </datafield>
  <datafield tag="040" ind1=" " ind2=" ">
    <subfield code="c">RU-10907106</subfield>
    <subfield code="a">RU-10907106</subfield>
    <subfield code="b">ger</subfield>
  </datafield>
  <datafield tag="041" ind1=" " ind2=" ">
    <subfield code="a">ger</subfield>
  </datafield>
  <datafield tag="100" ind1="1" ind2=" ">
    <subfield code="a">Pringsheim-Dohm, Hedwig</subfield>
    <subfield code="9">2268</subfield>
  </datafield>
  <datafield tag="245" ind1="0" ind2="0">
    <subfield code="a">Tageb&#xFC;cher</subfield>
    <subfield code="c">Hedwig Pringsheim. Hrsg. und kommentiert von Cristina Herbst</subfield>
  </datafield>
  <datafield tag="264" ind1=" " ind2="1">
    <subfield code="a">G&#xF6;ttingen :</subfield>
    <subfield code="b">Wallstein Verlag,</subfield>
    <subfield code="c">2013</subfield>
  </datafield>
  <datafield tag="600" ind1=" " ind2="0">
    <subfield code="a">Pringsheim-Dohm, Hedwig</subfield>
    <subfield code="9">2268</subfield>
  </datafield>
  <datafield tag="655" ind1=" " ind2="0">
    <subfield code="a">Tagebuch</subfield>
    <subfield code="9">935</subfield>
  </datafield>
  <datafield tag="700" ind1="1" ind2=" ">
    <subfield code="a">Herbst, Cristina</subfield>
    <subfield code="e">HerausgeberIn</subfield>
    <subfield code="9">2269</subfield>
  </datafield>
  <datafield tag="942" ind1=" " ind2=" ">
    <subfield code="c">MG</subfield>
    <subfield code="2">z</subfield>
  </datafield>
  <datafield tag="999" ind1=" " ind2=" ">
    <subfield code="c">51808</subfield>
    <subfield code="d">51808</subfield>
  </datafield>
  <datafield tag="952" ind1=" " ind2=" ">
    <subfield code="0">0</subfield>
    <subfield code="1">0</subfield>
    <subfield code="4">0</subfield>
    <subfield code="7">0</subfield>
    <subfield code="a">DHIM</subfield>
    <subfield code="b">DHIM</subfield>
    <subfield code="c">GEN-1</subfield>
    <subfield code="d">2017-07-07</subfield>
    <subfield code="i">13-02150</subfield>
    <subfield code="o">D 44 v Pri 1 (Bde.)</subfield>
    <subfield code="p">51822</subfield>
    <subfield code="r">2021-02-23 00:00:00</subfield>
    <subfield code="w">2021-03-22</subfield>
    <subfield code="y">MG</subfield>
  </datafield>
</record>
